00595pam a2200193 a 450000100090000000300040000900500170001300800410003001000130007102000240008404000180010810000220012624500920014826000360024030000330027650000220030950400300033165000400036110162958OSt20210120162829.0831109s1984 ilua b 001 0 eng  a83023812 a0802402267 (pbk.) : aDLCcDLCdBSC1 aMayers, Ronald B.10aBoth/and, a balanced apologetic /cby Ronald B. Mayers ; [foreword by Kenneth Kantzer]. aChicago :bMoody Press,cc1984. axi, 251 p. :bill. ;c22 cm. aIncludes indexes. aBibliography: p. 229-238. 0aApologeticsxHistoryy20th century.